000 00308nam a2200121Ia 4500
005 20260326100024.0
008 260326s9999||||xx |||||||||||||| ||und||
100 _aSinkevitch, Alice
245 0 _aAIA Guide to Chicago /
_cAlice Sinkevitch
260 _bHarcourt
650 _aARQUITECTURA REGIONAL
942 _cBK
999 _c6299
_d6299